{"text_format":"3","workbook":"xlsx","n_sheets":3,"sheets":["4 КЛАСС","5 КЛАСС","6 КЛАСС"],"not_rendered":{"defined_names":3},"read":"whole","date_system":"1900"}

{"sheet":"4 КЛАСС","index":0,"n_rows":146,"n_cols":14,"rows_kept":146,"merged":[[0,0,0,13]]}
["Протокол по итогам муниципального этапа ВсОШ по предмету \"МАТЕМАТИКА\" Нижнекамского муниципального района в 2023-2024 учебном году"]
[]
["№","Фамилия","Имя","Отчество","Пол","Класс","Класс участия","Первичный балл","Добавлено по итогам апелляции","Итоговый балл","Макс. балл","Статус","Призер РЭ прошлого года","Учитель"]
[1,"Шайдулин","Тимур","Ильшатович","м",4,4,70,null,70,100,"Призер","нет","Чернова Наталья Николаевна"]
[2,"Ганиев","Данис","Айратович","м",4,4,65,null,65,100,"Призер","нет","Мухарлямова Миляуша Ильдусовна"]
[3,"Алексеев","Кирилл","Викторович","м",4,4,62,null,62,100,"Призер","нет","Низамутдинова Резеда Мавлитовна"]
[4,"Зарипов","Амир","Ренатович","м",4,4,60,null,60,100,"Призер","нет","Чернова Наталья Николаевна"]
[5,"Кутуев","Роман","Александрович","м",4,4,55,null,55,100,"Призер","нет","Красильникова Анна Алексеевна"]
[6,"Латыпов","Султан","Радикович","м",4,4,55,null,55,100,"Призер","нет","Бармакова Лариса Леонидовна"]
[7,"Бикмухаметова","Софья","Маратовна","ж",4,4,55,null,55,100,"Призер","нет","Бадрутдинова Равиля Равилевна"]
[8,"Бурганов","Салават","Тимурович","м",4,4,55,null,55,100,"Призер","нет","Видяйкина Наталья Валентиновна"]
[9,"Калачёва","Елизавета","Евгеньевна","ж",4,4,55,null,55,100,"Призер","нет","Немтышкина Галина Анатольевна"]
[10,"Вильданов","Айназ","Ильнарович","м",4,4,55,null,55,100,"Призер","нет","Селиверстова Н.И."]
[11,"Хасанянов","Ильназ","Ильшатович","м",4,4,55,null,55,100,"Призер","нет","Хайруллина Рамзия Ахатовна"]
[12,"Халирахманов","Замир","Ильнурович","м",4,4,55,null,55,100,"Призер","нет","Николенко Лаура Валерьевна"]
[13,"Гадиев","Айдар","Ринатович","м",4,4,55,null,55,100,"Призер","нет","Ганиева Р.Ф."]
[14,"Магазов","Тимур","Наилевич","м",4,4,52,null,52,100,"Призер","нет","Краснопёрова Марина Владимировна"]
[15,"Перкина","Екатерина","Дмитриевна","ж",4,4,50,null,50,100,"участник","нет","Немтышкина Галина Анатольевна"]
[16,"Хасанова","Алия","Тимуровна","ж",4,4,50,null,50,100,"участник","нет","Немтышкина Галина Анатольевна"]
[17,"Паланичка","Елизавета","Андреевна","ж",4,4,50,null,50,100,"участник","нет","Мещерякова Н.В."]
[18,"Сафина","Камиля","Ильясовна","ж",4,4,50,null,50,100,"участник","нет","Сабитова Альбина Ханифовна"]
[19,"Зинатуллина","Милана","Евгеньевна","ж",4,4,48,null,48,100,"участник","нет","Макушева Эльвира Рафкатовна"]
[20,"Тазиев","Гумар","Ринатович","м",4,4,47,null,47,100,"участник","нет","Кабышева Галина Филипповна"]
[21,"Маннанова","Самира","Айдаровна","ж",4,4,47,null,47,100,"участник","нет","Хайруллина Рамзия Ахатовна"]
[22,"Давлетшин","Альмир","Айратович","м",4,4,45,null,45,100,"участник","нет","Чагина Светлана Владимировна"]
[23,"Хафизова","Айгуль","Радиковна","ж",4,4,45,null,45,100,"участник","нет","Хайдарова Алсу Котдусовна"]
[24,"Клипова","Екатерина","Сергеевна","ж",4,4,45,null,45,100,"участник","нет","Конева Валентина Викторовна"]
[25,"Кузьмин","Всеволод","Александрович","м",4,4,40,null,40,100,"участник","нет","Елина Татьяна Сергеевна"]
[26,"Шалаумов","Филипп","Степанович","м",4,4,40,null,40,100,"участник","нет","Шонина Галина Амировна"]
[27,"Семашкина","Полина","Андреевна","ж",4,4,40,null,40,100,"участник","нет","Загидуллина Ания Адгамовна"]
[28,"Петров","Матвей","Артемович","м",4,4,40,null,40,100,"участник","нет","Поликарпова Юлия Владимировна"]
[29,"Солодовников","Макар","Алексеевич","м",4,4,40,null,40,100,"участник","нет","Макушина Ангелина Александровна"]
[30,"Фахрутдинов","Самат","Динарович","м",4,4,40,null,40,100,"участник","нет","Загрутдинова Нурсиня Мавлютовна"]
[31,"Абдрахманов","Булат","Равилевич","м",4,4,40,null,40,100,"участник","нет","Сабитова Альбина Ханифовна"]
[32,"Колесников","Иван","Евгеньевич","м",4,4,40,null,40,100,"участник","нет","Миронова Галина Ивановна"]
[33,"Насыров","Руслан","Радикович","м",4,4,37,null,37,100,"участник","нет","Набиуллина Ландыш Илбдусовна"]
[34,"Камалов","Аслан","Ильсурович","ж",4,4,37,null,37,100,"участник","нет","Видяйкина Наталья Валентиновна"]
[35,"Савельев","Игорь","Сергеевич","м",4,4,35,null,35,100,"участник","нет","Богаткина Людмила Петровна"]
[36,"Ерзунова","Вероника","Алексеевна","ж",4,4,35,null,35,100,"участник","нет","Алиева Ольга Германовна"]
[37,"Мухаметзянов","Илдар","Марселевич","м",4,4,35,null,35,100,"участник","нет","Сарапкина Мария Александровна"]
[38,"Минниханов","Рамазан","Дамирович","м",4,4,35,null,35,100,"участник","нет","Ташмурзина А.В."]
[39,"Абдуллина","Эмилия","Эльмаровна","ж",4,4,35,null,35,100,"участник","нет","Корноухова Светлана Васильевна"]
[40,"Мещеряков","Максим","Игоревич","м",4,4,35,null,35,100,"участник","нет","Мещерякова Н.В."]
[41,"Заболонский","Юрий","Сергеевич","м",4,4,35,null,35,100,"участник","нет","Потапова Наталья Владимировна"]
[42,"Гарифуллин","Тимур","Динарович","м",4,4,35,null,35,100,"участник","нет","Ганиева Р.Ф."]
[43,"Гайнетдинова","Аделя","Рустемовна","ж",4,4,33,null,33,100,"участник","нет","Краснопёрова Марина Владимировна"]
[44,"Юртаев","Таир","Айратович","м",4,4,33,null,33,100,"участник","нет","Галиева В.Ф."]
[45,"Авксентьев","Елисей","Сергеевич","м",4,4,32,null,32,100,"участник","нет","Лебедева Г.П."]
[46,"Пименов","Глеб","Вячеславович","м",4,4,32,null,32,100,"участник","нет","Козлова Ангелина Владимировна"]
[47,"Галиева","Далия","Динаровна","ж",4,4,32,null,32,100,"участник","нет","Мухарлямова М.И."]
[48,"Денисов","Егор","Романович","м",4,4,32,null,32,100,"участник","нет","Ганиева Р.Ф."]
[49,"Шугаев","Роман","Дмитриевич","м",4,4,30,null,30,100,"участник","нет","Хакимхан О.Ю."]
[50,"Азизов","Даниил","Тимурович","м",4,4,30,null,30,100,"участник","нет","Чумакова О.Н."]
[51,"Закариев","Халиль","Наилевич","м",4,4,30,null,30,100,"участник","нет","Кабышева Галина Филипповна"]
[52,"Галиев","Артур","Радикович","м",4,4,30,null,30,100,"участник","нет","Чагина Светлана Владимировна"]
[53,"Исмагилов","Булат","Ильфарович","м",4,4,30,null,30,100,"участник","нет","Чагина Светлана Владимировна"]
[54,"Кузьмичева","Дарья","Кирилловна","ж",4,4,30,null,30,100,"участник","нет","Шонина Галина Амировна"]
[55,"Желтякова","Варвара","Дмитриевна","ж",4,4,30,null,30,100,"участник","нет","Шонина Галина Амировна"]
[56,"Валиева","Амиля","Раязовна","ж",4,4,30,null,30,100,"участник","нет","Ильина К.И."]
[57,"Хайдарова","Аделина","Робертовна","ж",4,4,30,null,30,100,"участник","нет","Сазонова Руфина Мунировна"]
[58,"Киямова","Аиша","Руслановна","ж",4,4,30,null,30,100,"участник","нет","Хаметова Рамиля Раилевна"]
[59,"Хабибуллина","Аделя","Айдаровна","ж",4,4,30,null,30,100,"участник","нет","Макушина Ангелина Александровна"]
[60,"Даулетов","Аяз","Ильназович","м",4,4,30,null,30,100,"участник","нет","Сабитова Альбина Ханифовна"]
[61,"Миннегалиев","Самат","Альбертович","м",4,4,30,null,30,100,"участник","нет","Хайруллина Рамзия Ахатовна"]
[62,"Нургалиева","Ралия","Ильфатовна","ж",4,4,30,null,30,100,"участник","нет","Хайруллина Рамзия Ахатовна"]
[63,"Гайнутдинов","Ильдар","Ринатович","м",4,4,30,null,30,100,"участник","нет","Нуриева Ф.Ф."]
[64,"Жуков","Елисей","Павлович","м",4,4,30,null,30,100,"участник","нет","Павлова А.В."]
[65,"Газизов","Дамир","Ирекович","м",4,4,30,null,30,100,"участник","нет","Едалина Татьяна Анатольевна"]
[66,"Фокеева","София","Ивановна","ж",4,4,28,null,28,100,"участник","нет","Гришина Мария Викторовна"]
[67,"Стаценко","Анна","Алексеевна","ж",4,4,27,null,27,100,"участник","нет","Нурмухаметова Э.В."]
[68,"Моляков","Иван","Антонович","м",4,4,27,null,27,100,"участник","нет","Пчелка Алия Фаритовна"]
[69,"Зиганшин","Ислам","Фанисович","м",4,4,27,null,27,100,"участник","нет","Петкова Эльмира Анселевна"]
[70,"Рожин","Дмитрий","Сергеевич","м",4,4,25,null,25,100,"участник","нет","Абуталипова А.А."]
[71,"Фатхуллина","Сабина","Артуровна","ж",4,4,25,null,25,100,"участник","нет","Гусева Н.А."]
[72,"Семенова","Есения","Витальевна","ж",4,4,25,null,25,100,"участник","нет","Пономарёва Ольга Дмитриевна"]
[73,"Бажанов","Артем","Андреевич","м",4,4,25,null,25,100,"участник","нет","Сафронова Наталья Александровна"]
[74,"Гайнуллин","Марат","Эдуардович","м",4,4,25,null,25,100,"участник","нет","Шакурова Ильсияр Ильдусовна"]
[75,"Шамсутдинов","Артем","Василович","м",4,4,25,null,25,100,"участник","нет","Демьянова Н.С"]
[76,"Хадиуллина","Камила","Ленаровна","ж",4,4,25,null,25,100,"участник","нет","Жуковская Руфина Касимовна"]
[77,"Суханаев","Эмиль","Марселевич","м",4,4,25,null,25,100,"участник","нет","Крылова Ольга Сергеевна"]
[78,"Шакуров","Эмир","Радикович","м",4,4,25,null,25,100,"участник","нет","Шонина Галина Амировна"]
[79,"Платонов","Артем","Алексеевич","м",4,4,25,null,25,100,"участник","нет","Шонина Галина Амировна"]
[80,"Жеребцов","Арсений","Сергеевич","м",4,4,25,null,25,100,"участник","нет","Анисина Ирина Александровна"]
[81,"Донсков","Алексей","Александрович","м",4,4,25,null,25,100,"участник","нет","Нуриева А.С."]
[82,"Аляшев","Рамаз","Русланович","м",4,4,25,null,25,100,"участник","нет","Сидорова Альбина Сергеевна"]
[83,"Руковицина","Анна","Евгеньевна","ж",4,4,22,null,22,100,"участник","нет","Чибчикова Марина Ивановна"]
[84,"Дудков","Тимофей","Дмитриевич","м",4,4,20,null,20,100,"участник","нет","Потехина Надежда Юрьевна"]
[85,"Романов","Иван","Дмитриевич","ж",4,4,20,null,20,100,"участник","нет","Нурмухаметова Э.В."]
[86,"Мещерякова","Лаймита","Вадимовна","ж",4,4,20,null,20,100,"участник","нет","Казаморва К.Ю."]
[87,"Ефремов","Иван","Андреевич","ж",4,4,20,null,20,100,"участник","нет","Чагина Светлана Владимировна"]
[88,"Титова","Александра","Андреевна","ж",4,4,20,null,20,100,"участник","нет","Сорокина Татьяна Николаевна"]
[89,"Питов","Усман","Сельверович","м",4,4,20,null,20,100,"участник","нет","Жуковская Руфина Касимовна"]
[90,"Зинатов","Карим","Русланович","м",4,4,20,null,20,100,"участник","нет","Хасанова Гульназ Загитовна"]
[91,"Шахова","Валерия","Ильинична","ж",4,4,20,null,20,100,"участник","нет","Хасанова Гульназ Загитовна"]
[92,"Шаронова","Елизавета","Вячеславовна","ж",4,4,20,null,20,100,"участник","нет","Видяйкина Наталья Валентиновна"]
[93,"Гарипова","Зухра","Зуфаровна","ж",4,4,20,null,20,100,"участник","нет","Хаметова Рамиля Раилевна"]
[94,"Баринова","Анастасия","Вячеславовна","ж",4,4,20,null,20,100,"участник","нет","Селиверстова Н.И."]
[95,"Антонович","Мария","Игоревнв","ж",4,4,20,null,20,100,"участник","нет","Ганиева Р.Ф."]
[96,"Кузнецов","Дмитрий","Иванович","м",4,4,20,null,20,100,"участник","нет","Павлова А.В."]
[97,"Сулейманов","Амир","Альбертович","м",4,4,19,null,19,100,"участник","нет","Галимова Гульфина Салихяновна"]
[98,"Гарифуллина","Аэлита","Ильнаровна","ж",4,4,18,null,18,100,"участник","нет","Череп Ангелина Игоревна"]
[99,"Гурьянова","Анастасия","Львовна","ж",4,4,17,null,17,100,"участник","нет","Козлова Ангелина Владимировна"]
[100,"Калмыкова","Мирослава","Юрьевна","ж",4,4,17,null,17,100,"участник","нет","Корноухова Светлана Васильевна"]
[101,"Садриев","Камиль","Ринатович","м",4,4,17,null,17,100,"участник","нет","Ганиева Р.Ф."]
[102,"Хазипов","Марат","Мансурович","м",4,4,15,null,15,100,"участник","нет","Алиева Ольга Германовна"]
[103,"Богатырева","Арина","Максимовна","ж",4,4,15,null,15,100,"участник","нет","Гумерова Д.М."]
[104,"Чернышев","Андрей","Сергеевич","м",4,4,15,null,15,100,"участник","нет","Сергеева А.М."]
[105,"Абдульманова","Сабрина","Ленаровна","ж",4,4,15,null,15,100,"участник","нет","Чагина Светлана Владимировна"]
[106,"Каримов","Тимур","Шамильевич","м",4,4,15,null,15,100,"участник","нет","Чагина Светлана Владимировна"]
[107,"Кашапов","Аяз","Ильдарович","м",4,4,15,null,15,100,"участник","нет","Чагина Светлана Владимировна"]
[108,"Гиниятуллина","Алина","Ринатовна","ж",4,4,15,null,15,100,"участник","нет","Чибчикова Марина Ивановна"]
[109,"Синдимиров","Сергей","Алексеевич","м",4,4,15,null,15,100,"участник","нет","Чибчикова Марина Ивановна"]
[110,"Сафин","Карим","Айратович","м",4,4,15,null,15,100,"участник","нет","Хайдарова Алсу Котдусовна"]
[111,"Дегтяренко","Полина","Анатольевна","ж",4,4,15,null,15,100,"участник","нет","Елина Татьяна Сергеевна"]
[112,"Кабирова","Асель","Зульфатовна","ж",4,4,15,null,15,100,"участник","нет","Загидуллина Ания Адгамовна"]
[113,"Медведев","Александр","Сергеевич","м",4,4,15,null,15,100,"участник","нет","Боброва Ксения Николаевна"]
[114,"Слепов","Руслан","Сергеевич","м",4,4,15,null,15,100,"участник","нет","Боброва Ксения Николаевна"]
[115,"Хайруллин","Альмир","Маратович","м",4,4,15,null,15,100,"участник","нет","Гимадиева Л.И"]
[116,"Абмаев","Егор","Олегович","м",4,4,15,null,15,100,"участник","нет","Зиганшина Э.Н"]
[117,"Асфандиярова","Алина","Асхатовна","ж",4,4,15,null,15,100,"участник","нет","Соснина С.И."]
[118,"Егорова","Диана","Альбертовна","ж",4,4,15,null,15,100,"участник","нет","Загрутдинова Нурсиня Мавлютовна"]
[119,"Марчина","Ника","Евгеньевна","ж",4,4,15,null,15,100,"участник","нет","Орел Татьяна Александровна"]
[120,"Макаршин","Ярослав","Евгеньевич","м",4,4,15,null,15,100,"участник","нет","Потапова Наталья Владимировна"]
[121,"Зайнуллин","Эльдар","Райнурович","м",4,4,15,null,15,100,"участник","нет","Павлова А.В."]
[122,"Смирнов","Ярослав","Романович","м",4,4,12,null,12,100,"участник","нет","Фролова С.А"]
[123,"Шайдуллин","Шамиль","Динарович","м",4,4,10,null,10,100,"участник","нет","Чагина Светлана Владимировна"]
[124,"Евграфова","Арина","Денисовна","ж",4,4,10,null,10,100,"участник","нет","Чагина Светлана Владимировна"]
[125,"Князев","Ниита","Константинович","м",4,4,10,null,10,100,"участник","нет","Мезина Людмила Александровна"]
[126,"Назмутдинов","Руслан","Ленарович","м",4,4,10,null,10,100,"участник","нет","Фролова С.А"]
[127,"Дербишин","Эльдар","Зиннурович","м",4,4,10,null,10,100,"участник","нет","Бадрутдинова Равиля Равилевна"]
[128,"Ефимов","Глеб","Эдуардович","м",4,4,10,null,10,100,"участник","нет","Валеева Ляля Равильевна"]
[129,"Галиуллин","Амир","Ильшатович","м",4,4,10,null,10,100,"участник","нет","Сытытова Алёна Алексеевна"]
[130,"Сагитова","Камиля","Радиковна","ж",4,4,10,null,10,100,"участник","нет","Ятрякова А.М."]
[131,"Газизов","Динар","Русланович","м",4,4,10,null,10,100,"участник","нет","Миронова Галина Ивановна"]
[132,"Ахметова","Камилла","Ильнуровна","ж",4,4,5,null,5,100,"участник","нет","Красильникова Анна Алексеевна"]
[133,"Пономарева","Полина","Денисовна","ж",4,4,5,null,5,100,"участник","нет","Низамутдинова Резеда Мавлитовна"]
[134,"Фазлеев","Илья","Станиславович","м",4,4,5,null,5,100,"участник","нет","Бикмухаметова Р.Р"]
[135,"Ахунова","Каролина","Эльвировна","ж",4,4,5,null,5,100,"участник","нет","Хамадеева Гузель Камилевна"]
[136,"Мухаметзянова","Сабира","Ильнуровна","ж",4,4,5,null,5,100,"участник","нет","Петрунникова С.П."]
[137,"Дмитриев","Кирилл","Павлович","м",4,4,5,null,5,100,"участник","нет","Макушина Ангелина Александровна"]
[138,"Абызова","Ксения","Сергеевна","ж",4,4,5,null,5,100,"участник","нет","Орел Татьяна Александровна"]
[139,"Гевис","Марк","Евгеньевич","м",4,4,0,null,0,100,"участник","нет","Шонина Галина Амировна"]
[140,"Закиров","Линар","Анасович","м",4,4,0,null,0,100,"участник","нет","Яковлева Е.В."]
[141,"Бабаев","Тимур","Фаридович","м",4,4,0,null,0,100,"участник","нет","Яковлева Е.В."]
[142,"Шандыбина","Екатерина","Ярославовна","ж",4,4,0,null,0,100,"участник","нет","Сидорова Альбина Сергеевна"]
[143,"Шиндор","Демид","Андреевич","м",4,4,0,null,0,100,"участник","нет","Павлова А.В."]

{"sheet":"5 КЛАСС","index":1,"n_rows":80,"n_cols":14,"rows_kept":80,"merged":[[0,0,0,13]]}
["Протокол по итогам муниципального этапа ВсОШ по предмету \"МАТЕМАТИКА\" Нижнекамского муниципального района в 2023-2024 учебном году"]
[]
["№","Фамилия","Имя","Отчество","Пол","Класс","Класс участия","Первичный балл","Добавлено по итогам апелляции","Итоговый балл","Макс. балл","Статус","Призер РЭ прошлого года","Учитель"]
[1,"Володин","Аким","Владиславович","м",5,5,90,null,90,100,"Победитель","да","Азнагулов Марат Раисович"]
[2,"Гимранов","Самир","Рустемович","м",5,5,75,null,75,100,"Призер","нет","Азнагулов Марат Раисович"]
[3,"Каримов","Дамир","Тимурович","м",5,5,72,null,72,100,"Призер","нет","Азнагулов Марат Раисович"]
[4,"Хрущев","Фёдор","Максимович","м",5,5,67,null,67,100,"Призер","нет","Азнагулов Марат Раисович"]
[5,"Зайнуллин","Амир","Илнурович","м",5,5,62,null,62,100,"Призер","нет","Азнагулов Марат Раисович"]
[6,"Шахмиева","Риана","Рафаэлевна","ж",5,5,57,null,57,100,"Призер","нет","Рогозина Анастасия Владимировна"]
[7,"Зарипов","Айдар","Ренатович","м",5,5,52,null,52,100,"Призер","нет","Азнагулов Марат Раисович"]
[8,"Хайруллин","Рустам","Ильдарович","м",5,5,50,null,50,100,"участник","нет","Шамсетдинова Лилия Зульфатовна"]
[9,"Суфиянов","Расул","Ильмирович","м",5,5,50,null,50,100,"участник","да","ХуснутдиноваГелюся Галияхматовна"]
[10,"Кононов","Радмир","Владимирович","м",5,5,47,null,47,100,"участник","нет","Шарыгина Марина Николаевна"]
[11,"Фадеева","София","Александровна","ж",5,5,45,null,45,100,"участник","нет","Кузьминых М.И."]
[12,"Хамидуллин","Карим","Айратович","м",5,5,45,null,45,100,"участник","нет","Нуждина Олеся Евгеньевна"]
[13,"Ахметов","Дамир","Эдуардович","м",5,5,40,null,40,100,"участник","нет","Шадрухина Евгения Иванвна"]
[14,"Петров","Владислав","Дмитриевич","м",5,5,40,null,40,100,"участник","нет","Гашикова Г.Р."]
[15,"Айметдинов","Нурсултан","Асимович","м",5,5,35,null,35,100,"участник","нет","Азнагулов Марат Раисович"]
[16,"Шарипов","Данил","Алексеевич","м",5,5,35,null,35,100,"участник","нет","Сагдатова Анастасия Сергеевна"]
[17,"Чукурова","Валерия","Витальевна","ж",5,5,32,null,32,100,"участник","нет","Сарваретдинова Миляуша Рамилевна"]
[18,"Низамов","Ранил","Ленарович","м",5,5,32,null,32,100,"участник","нет","Шарыгина Марина Николаевна"]
[19,"Исхаков","Амир","Айратович","м",5,5,32,null,32,100,"участник","нет","Кинзябулатова Энзе Ильдусовна"]
[20,"Латыпова","Адиля","Дамировна","ж",5,5,30,null,30,100,"участник","нет","Шарыгина Марина Николаевна"]
[21,"Шабурова","Алина","Ринатовна","ж",5,5,30,null,30,100,"участник","нет","Шадрухина Евгения Иванвна"]
[22,"Бикмухаметов","Карим","Рустамович","м",5,5,27,null,27,100,"участник","нет","Калачёва Ксения Александровна"]
[23,"Сабиров","Амир","Айратович","м",5,5,25,null,25,100,"участник","нет","Трутнева Гульсина Харисовна"]
[24,"Гаязова","Лейла","Фанилевна","ж",5,5,25,null,25,100,"участник","нет","Миннуллина Эльза Азатовна"]
[25,"Климин","Игорь","Андреевич","м",5,5,25,null,25,100,"участник","нет","Рогозина Анастасия Владимировна"]
[26,"Мусин","Реналь","Русланович","м",5,5,25,null,25,100,"участник","нет","Сагдатова Анастасия Сергеевна"]
[27,"Симухина","Маргарита","Сергеевна","ж",5,5,20,null,20,100,"участник","нет","Шайдуллина Рушания Рустамовна"]
[28,"Нургалиев","Марк","Тимурович","м",5,5,20,null,20,100,"участник","нет","Кудрявцева Елена Ивановна"]
[29,"Фадеева","Матрона","Яковлевна","ж",5,5,20,null,20,100,"участник","нет","Гашикова Г.Р."]
[30,"Дорофеева","София","Михайловна","ж",5,5,20,null,20,100,"участник","нет","Гайнуллин Алмаз Рифхатович"]
[31,"Насыбуллина","Зарина","Айратовна","ж",5,5,20,null,20,100,"участник","нет","Шагиева Юлия Вячеславовна"]
[32,"Нугуманова","Алия","Рустамовна","ж",5,5,20,null,20,100,"участник","нет","Рогозина Анастасия Владимировна"]
[33,"Балаш","Виктория","Сергеевна","ж",5,5,20,null,20,100,"участник","нет","Кривошеева Светлана Анатольевна"]
[34,"Орехов","Денис","Михайлович","м",5,5,20,null,20,100,"участник","нет","Казакова Марина Егоровна"]
[35,"Камалетдинов","Малик","Марселович","м",5,5,20,null,20,100,"участник","нет","Халиуллина Алсу Талгатовна"]
[36,"Юнусова","Малика","Ильдусовна","ж",5,5,17,null,17,100,"участник","нет","Шагиева Юлия Вячеславовна"]
[37,"Сабирзянов","Камиль","Марселевич","м",5,5,15,null,15,100,"участник","нет","Миннегалиева Раиля Хамитовна"]
[38,"Кандакова","Елизавета","Сергеевна","ж",5,5,15,null,15,100,"участник","нет","Шамсетдинова Лилия Зульфатовна"]
[39,"Гарифуллина","Амина","Рамилевна","ж",5,5,15,null,15,100,"участник","нет","Шайдуллина Рушания Рустамовна"]
[40,"Дмитриева","Маргарита","Айнуровна","ж",5,5,15,null,15,100,"участник","нет","Прописнова Любовь Ивановна"]
[41,"Шафиков","Амир","Айратович","м",5,5,15,null,15,100,"участник","нет","Иванова Лейсан Фархатовна"]
[42,"Ванифатьева","Николь","Андреевна","ж",5,5,12,null,12,100,"участник","нет","Прописнова Любовь Ивановна"]
[43,"Сушилов","Михаил","Максимович","м",5,5,12,null,12,100,"участник","нет","Кунгурова Гульназ Рафаэловна"]
[44,"Туляшев","Артём","Тимурович","м",5,5,12,null,12,100,"участник","нет","Шарыгина Марина Николаевна"]
[45,"Гайфутдинов","Радмир","Ирекович","м",5,5,12,null,12,100,"участник","нет","Кинзябулатова Энзе Ильдусовна"]
[46,"Ганиев","Карим","Ильгизович","м",5,5,12,null,12,100,"участник","нет","Халиуллина Алсу Талгатовна"]
[47,"Изикаев","Салават","Маратович","м",5,5,10,null,10,100,"участник","нет","Тябина Елена Николаевна"]
[48,"Филиппов-Сусарский","Даниил","Тимурович","м",5,5,10,null,10,100,"участник","нет","Кондратьева Т.Н"]
[49,"Дмитриева","Валерия","Максимовна","ж",5,5,10,null,10,100,"участник","нет","Мустафина Альбина Сергеевна"]
[50,"Зарипов","Рамазан","Русланович","м",5,5,10,null,10,100,"участник","нет","Трутнева Гульсина Харисовна"]
[51,"Вакилов","Ильшат","Наилович","м",5,5,10,null,10,100,"участник","нет","Азнагулов Марат Раисович"]
[52,"Еграшин","Семён","Андреевич","м",5,5,10,null,10,100,"участник","нет","Миннуллина Эльза Азатовна"]
[53,"Сабирова","Сюмбель","Рамилевна","ж",5,5,10,null,10,100,"участник","нет","Миннуллина Эльза Азатовна"]
[54,"Салимова","Мадина","Ильназовна","ж",5,5,10,null,10,100,"участник","нет","Мирсаетова К.М"]
[55,"Мурадымов","Данис","Рифкатевич","м",5,5,10,null,10,100,"участник","нет","Рогозина Анастасия Владимировна"]
[56,"Насырова","Камиля","Ильнуровна","ж",5,5,10,null,10,100,"участник","нет","Хабибуллин Ильнур Ильдарович"]
[57,"Тухватуллина","Альмира","Рамилевна","ж",5,5,10,null,10,100,"участник","нет","Кинзябулатова Энзе Ильдусовна"]
[58,"Погорелов","Богдан","Сергеевич","ж",5,5,7,null,7,100,"участник","нет","Полинаа Игоревна"]
[59,"Закирова","Арина","Айдаровна","ж",5,5,7,null,7,100,"участник","нет","Королева Яна Алексеевна"]
[60,"Кофейников","Арсений","Александрович","м",5,5,7,null,7,100,"участник","нет","Стяжкина А.А."]
[61,"Гатин","Самат","Ленарович","м",5,5,7,null,7,100,"участник","нет","ХуснутдиноваГелюся Галияхматовна"]
[62,"Колесникова","Валерия","Николаевна","ж",5,5,5,null,5,100,"участник","нет","Кондратьева Т.Н"]
[63,"Фатхутдинова","Диляра","Ринатовна","ж",5,5,5,null,5,100,"участник","нет","Сарваретдинова Миляуша Рамилевна"]
[64,"Нафикова","Дина","Айдаровна","ж",5,5,5,null,5,100,"участник","нет","Шайдуллина Рушания Рустамовна"]
[65,"Нигматуллина","Эвелина","Ренатовна","ж",5,5,5,null,5,100,"участник","нет","Яруллина Л.Ф."]
[66,"Тиханова","Яна","Дмитриевна","ж",5,5,5,null,5,100,"участник","нет","Яруллина Л.Ф."]
[67,"Такарликова","Екатерина","Павловна","ж",5,5,5,null,5,100,"участник","нет","Миннуллина Эльза Азатовна"]
[68,"Мельников","Игорь","Александрович","м",5,5,5,null,5,100,"участник","нет","Мирсаетова К.М"]
[69,"Мубаракшина","Зарина","Ренатовна","ж",5,5,5,null,5,100,"участник","нет","Сулейманкина Ольга Петровна"]
[70,"Носкова","Ангелина","Антоновна","ж",5,5,5,null,5,100,"участник","нет","Гайнуллин Алмаз Рифхатович"]
[71,"Бобров","Кирилл","Максимович","м",5,5,5,null,5,100,"участник","нет","Гайнуллин Алмаз Рифхатович"]
[72,"Носков","Макар","Андреевич","м",5,5,5,null,5,100,"участник","нет","Шагиева Юлия Вячеславовна"]
[73,"Харитонов","Илья","Алексеевич","м",5,5,5,null,5,100,"участник","нет","Рогозина Анастасия Владимировна"]
[74,"Батраков","Семён","Максимович","м",5,5,5,null,5,100,"участник","нет","Пермина Т.М."]
[75,"Мелетина","Вероника","Сергеевна","ж",5,5,5,null,5,100,"участник","нет","Калачёва Ксения Александровна"]
[76,"Бадыйков","Тимур","Маратович","м",5,5,0,null,0,100,"участник","нет","Кондратьева Т.Н"]
[77,"Тимергалина","Марьям","Руслановна","ж",5,5,0,null,0,100,"участник","нет","Валеева Рузалия Саидовна"]

{"sheet":"6 КЛАСС","index":2,"n_rows":83,"n_cols":14,"rows_kept":83,"merged":[[0,0,0,13]]}
["Протокол по итогам муниципального этапа ВсОШ по предмету \"МАТЕМАТИКА\" Нижнекамского муниципального района в 2023-2024 учебном году"]
[]
["№","Фамилия","Имя","Отчество","Пол","Класс","Класс участия","Первичный балл","Добавлено по итогам апелляции","Итоговый балл","Макс. балл","Статус","Призер РЭ прошлого года","Учитель"]
[1,"Шульга","Константин","Андреевич","м",6,6,75,null,75,100,"Победитель","нет","Усманова Назиря Исмагиловна"]
[2,"Мухаметшин","Салават","Даниярович","м",6,6,60,null,60,100,"Призер","нет","Габитов Линар Муратович"]
[3,"Федин","Даниил","Олегович","м",6,6,59,null,59,100,"Призер","нет","Усманова Назиря Исмагиловна"]
[4,"Михеев","Захар","Юрьевич","м",6,6,58,null,58,100,"Призер","нет","Габитов Линар Муратович"]
[5,"Набиуллина","Азалия","Ильдаровна","ж",6,6,56,null,56,100,"Призер","Да","Шайхутдинова Регина Наилевна"]
[6,"Аллун","Ильяс","Фейсалович","м",6,6,56,null,56,100,"Призер","нет","Габитов Линар Муратович"]
[7,"Можаев","Даниял","Константинович","м",6,6,55,null,55,100,"Призер","нет","Габитов Линар Муратович"]
[8,"Исбатов","Теймур","Фуадович","м",6,6,53,null,53,100,"Призер","нет","Усманова Назиря Исмагиловна"]
[9,"Филиппов","Кирилл","Сергеевич","м",6,6,50,null,50,100,"участник","нет","Зайцева Людмила Александровна"]
[10,"Цыганов","Илья","Алексеевич","м",6,6,50,null,50,100,"участник","нет","Габитов Линар Муратович"]
[11,"Чапаев","Роман","Андреевич","м",6,6,50,null,50,100,"участник","нет","Шарыгина Марина Николаевна"]
[12,"Спиридонова","Эвелина","Владиславовна","ж",6,6,50,null,50,100,"участник","нет","Усманова Назиря Исмагиловна"]
[13,"Каюмов","Камиль","Русланович","м",6,6,50,null,50,100,"участник","нет","Кинзябулатова Энзе Ильдусовна"]
[14,"Сафина","Амина","Ильясовна","ж",6,6,48,null,48,100,"участник","нет","Иванова Лейсан Фархатовна"]
[15,"Кузьмин","Егор","Павлович","м",6,6,45,null,45,100,"участник","нет","Габитов Линар Муратович"]
[16,"Калимуллина","Амира","Раисовна","ж",6,6,43,null,43,100,"участник","нет","Зайцева Людмила Александровна"]
[17,"Васильев","Андрей","Николаевич","м",6,6,41,null,41,100,"участник","нет","Ильина Венера Фархатовна"]
[18,"Бутяев","Иван","Дмитриевич","м",6,6,40,null,40,100,"участник","нет","Косова Н.В."]
[19,"Сайфутдинов","Радмир","Романович","м",6,6,40,null,40,100,"участник","нет","Игнашина Наталья Ивановна"]
[20,"Исламов","Нияз","Динарович","м",6,6,38,null,38,100,"участник","нет","Габитов Линар Муратович"]
[21,"Гизатуллин","Шамиль","Русланович","м",6,6,38,null,38,100,"участник","нет","Стрюкова Надежда Константиновна"]
[22,"Гасимова","Алина","Ильнуровна","ж",6,6,38,null,38,100,"участник","нет","Кинзябулатова Энзе Ильдусовна"]
[23,"Пестова","Арина","Максимовна","ж",6,6,36,null,36,100,"участник","нет","Ямщикова Раиса Юрьевна"]
[24,"Валиуллин","Тимур","Альбертович","м",6,6,35,null,35,100,"участник","нет","Усманова Назиря Исмагиловна"]
[25,"Чепко","Богдан","Николаевич","м",6,6,35,null,35,100,"участник","нет","Габитов Линар Муратович"]
[26,"Морозов","Олег","Федорович","м",6,6,32,null,32,100,"участник","нет","Стрюкова Надежда Константиновна"]
[27,"Илюшкина","Дарья","Андреевна","ж",6,6,31,null,31,100,"участник","нет","Гайнуллин Алмаз Рифхатович"]
[28,"Мавликов","Артём","Владимирович","м",6,6,30,null,30,100,"участник","нет","Сарваретдинова Миляуша Рамилевна"]
[29,"Сайфутдинова","Самира","Рустемовна","ж",6,6,30,null,30,100,"участник","нет","Никитина Елена Ивановна"]
[30,"Буканин","Илья","Сергеевич","м",6,6,30,null,30,100,"участник","нет","Шарыгина Марина Николаевна"]
[31,"Метрухина","Диана","Руслановна","ж",6,6,30,null,30,100,"участник","нет","Ибрагимова Ксения Радиковна"]
[32,"Сахапова","Зарина","Алмазовна","ж",6,6,30,null,30,100,"участник","нет","Кинзябулатова Энзе Ильдусовна"]
[33,"Воропаев","Роман","Викторович","м",6,6,29,null,29,100,"участник","нет","Александрова Н. Н."]
[34,"Бурганова","Ясмина","Ренатовна","ж",6,6,27,null,27,100,"участник","нет","Зайцева Людмила Александровна"]
[35,"Шарафуллин","Салават","Линарович","м",6,6,27,null,27,100,"участник","нет","Габитов Линар Муратович"]
[36,"Кашипова","Дарина","Аделевна","ж",6,6,27,null,27,100,"участник","нет","Семпгин Г.А"]
[37,"Нуртдинов","Замир","Ленарович","м",6,6,27,null,27,100,"участник","нет","Шарыгина Марина Николаевна"]
[38,"Каюмова","Камиля","Ильшатовна","ж",6,6,26,null,26,100,"участник","нет","Усманова Назиря Исмагиловна"]
[39,"Бикбаев","Шамиль","Рафилевич","м",6,6,25,null,25,100,"участник","нет","Дорофеева Лилия Ильинична"]
[40,"Хамидуллин","Ильфат","Рамилевич","м",6,6,25,null,25,100,"участник","нет","Хаматова Гульнара Раисовна"]
[41,"Салдаева","Вероника","Денисовна","ж",6,6,25,null,25,100,"участник","нет","Дмитриева Татьяна Петровна"]
[42,"Валиев","Нариман","Ренатович","м",6,6,25,null,25,100,"участник","нет","Габитов Линар Муратович"]
[43,"Волков","Андрей","Владиславович","м",6,6,25,null,25,100,"участник","нет","Шагиева Юлия Вячеславовна"]
[44,"Арпишкина","Светлана","Евгеньевна","ж",6,6,25,null,25,100,"участник","нет","Шагиева Юлия Вячеславовна"]
[45,"Ванюков","Кирилл","Алексеевич","м",6,6,25,null,25,100,"участник","нет","Хохлова Надежда Николаевна"]
[46,"Ишмухаметов","Адель","Алмазович","м",6,6,25,null,25,100,"участник","нет","Халиуллина Алсу Талгатовна"]
[47,"Калимуллин","Карим","Ренатович","м",6,6,24,null,24,100,"участник","нет","Шагиева Юлия Вячеславовна"]
[48,"Маликов","Равиль","Рифкатович","м",6,6,23,null,23,100,"участник","нет","Семпгин Г.А"]
[49,"Мавлиева","Самира","Анисовна","ж",6,6,23,null,23,100,"участник","нет","Даулетов Ильназ Илусович"]
[50,"Бабушкина","Сабина","Романовна","ж",6,6,22,null,22,100,"участник","нет","Зайцева Людмила Александровна"]
[51,"Яшин","Фаддей","Максимович","м",6,6,22,null,22,100,"участник","нет","Ахметова Р.И."]
[52,"Шаманский","Александр","Егорович","м",6,6,22,null,22,100,"участник","нет","Кинзябулатова Энзе Ильдусовна"]
[53,"Фатхуллин","Раид","Айратович","м",6,6,22,null,22,100,"участник","нет","Халиуллина Алсу Талгатовна"]
[54,"Косолапов","Демид","Артемович","м",6,6,21,null,21,100,"участник","нет","Шарыгина Марина Николаевна"]
[55,"Ангарова","Амира","Рафаэлевна","ж",6,6,21,null,21,100,"участник","нет","Апсагитова Аделя Ильясовна"]
[56,"Леонтьева","Алина","Сергеевна","ж",6,6,18,null,18,100,"участник","нет","Дмитриева Татьяна Петровна"]
[57,"Ботнарь","Елизавета","Евгеньевна","ж",6,6,18,null,18,100,"участник","нет","Гайнуллин Алмаз Рифхатович"]
[58,"Латыпов","Ильяс","Рамилевич","ж",6,6,17,null,17,100,"участник","нет","Дмитриева Мария Владимировна"]
[59,"Долганов","Владимир","Андреевич","м",6,6,17,null,17,100,"участник","нет","Габитов Линар Муратович"]
[60,"Ризаев","Тимур","Денисович","м",6,6,17,null,17,100,"участник","нет","Ибрагимова Ксения Радиковна"]
[61,"Долгих","Кира","Ивановна","ж",6,6,16,null,16,100,"участник","нет","Базарова Лариса Николаевна"]
[62,"Белоусов","Марк","Александрович","м",6,6,16,null,16,100,"участник","нет","Шарыгина Марина Николаевна"]
[63,"Багаутдинов","Ринат","Игоревич","м",6,6,15,null,15,100,"участник","нет","Нестерева Полина Игоревна"]
[64,"Якубов","Анис","Курбоналиевич","м",6,6,15,null,15,100,"участник","нет","Никитина Елена Ивановна"]
[65,"Струнов","Матвей","Сергеевич","м",6,6,15,null,15,100,"участник","нет","Ахметова Р.И."]
[66,"Герасимов","Даниил","Максимович","м",6,6,15,null,15,100,"участник","нет","Гайнуллин Алмаз Рифхатович"]
[67,"Миначева","Ралина","Рустемовна","ж",6,6,15,null,15,100,"участник","нет","Пермина Т.М."]
[68,"Иванова","Ларина","Ленаровна","ж",6,6,15,null,15,100,"участник","нет","Даулетов Ильназ Илусович"]
[69,"Назарова","Марина","Евгеньевна","ж",6,6,13,null,13,100,"участник","нет","Гашикова Г.Р."]
[70,"Зиятдинова","Сагдия","Ильнуровна","ж",6,6,11,null,11,100,"участник","нет","Хаматова Гульнара Раисовна"]
[71,"Назаренко","Александр","Сергеевич","м",6,6,11,null,11,100,"участник","нет","Халиуллина Алсу Талгатовна"]
[72,"Ханжаров","Кирилл","Ринатович","м",6,6,10,null,10,100,"участник","нет","Ильина Венера Фархатовна"]
[73,"Новичков","Константин","Алексеевич","м",6,6,10,null,10,100,"участник","нет","Багаутдинов Роберт Ильдарович"]
[74,"Нафикова","Элина","Игоревна","ж",6,6,10,null,10,100,"участник","нет","Апсагитова Аделя Ильясовна"]
[75,"Бикмурзин","Амир","Айдарович","м",6,6,7,null,7,100,"участник","нет","Хохлова Надежда Николаевна"]
[76,"Файзуллин","Владимир","Витальевич","м",6,6,5,null,5,100,"участник","нет","Нестерева Полина Игоревна"]
[77,"Камалов","Альмир","Айзатович","м",6,6,5,null,5,100,"участник","нет","Сарваретдинова Миляуша Рамилевна"]
[78,"Федулин","Роман","Олегович","м",6,6,5,null,5,100,"участник","нет","Назипова Диана Рафаэлевна"]
[79,"Куклев","Константин","Павлович","м",6,6,5,null,5,100,"участник","нет","Шабухова Г.А."]
[80,"Бормотов","Владимир","Александрович","ж",6,6,0,null,0,100,"участник","нет","Нестерева Полина Игоревна"]